000 00218nam a22000857a 4500
008 170220b xxu||||| |||| 00| 0 eng d
100 _92925
_aSachdeva.C.B.
245 _aMacro Economics-XII
260 _aNew delhi
_bG.P.H.
_c2010
999 _c6166
_d6166